Административно-правовое обеспечение органами внутренних дел правопорядка и общественной безопасности в период подготовки и проведения избирательных кампаний (на примере выборов депутатов Государственной Думы Федерального Собрания Российской Федерации шестого созыва (декабрь 2011 г.) и выборов Президента России (март 2012 г.) (Запись № 4427127)

Подробности
000 -МАРКЕР
контрольное поле 01873nam0a2200313 i 4500
001 - ИДЕНТИФИКАТОР ЗАПИСИ
контрольное поле RU\NLR\bibl\2017912
005 - ИДЕНТИФИКАТОР ВЕРСИИ
контрольное поле 20240921190101.0
010 ## - МЕЖДУНАРОДНЫЙ СТАНДАРТНЫЙ НОМЕР КНИГИ (ISBN)
Номер (ISBN) 9785904846107
Тираж 4000
021 ## - НОМЕР ГОСУДАРСТВЕННОЙ РЕГИСТРАЦИИ
Код страны российская федерация
Номер 2013-18164
Номер Листа государственной регистраци 1273
035 ## - ДРУГИЕ СИСТЕМНЫЕ НОМЕРА
Идентификатор записи (NLR Aleph) 002006277
100 ## - ДАННЫЕ ОБЩЕЙ ОБРАБОТКИ
Данные общей обработки 20130329d2012 k y0rusy50 ca
101 0# - ЯЗЫК РЕСУРСА
Язык текста, звукозаписи и т.д. русский
102 ## - СТРАНА ПУБЛИКАЦИИ ИЛИ ПРОИЗВОДСТВА
Страна публикации российская федерация
105 ## - ПОЛЕ КОДИРОВАННЫХ ДАННЫХ: ТЕКСТОВЫЕ МАТЕРИАЛЫ, МОНОГРАФИЧЕСКИЕ
Кодированные данные о монографическом текстовом документе ac |||||||||
200 1# - ЗАГЛАВИЕ И СВЕДЕНИЯ ОБ ОТВЕТСТВЕННОСТИ
Основное заглавие Административно-правовое обеспечение органами внутренних дел правопорядка и общественной безопасности в период подготовки и проведения избирательных кампаний (на примере выборов депутатов Государственной Думы Федерального Собрания Российской Федерации шестого созыва (декабрь 2011 г.) и выборов Президента России (март 2012 г.)
Сведения, относящиеся к заглавию монография
Первые сведения об ответственности Чистобородов И.Г.
210 ## - ПУБЛИКАЦИЯ, РАСПРОСТРАНЕНИЕ И ДР.
Место издания, распространения и т.д. Москва
-- Иваново
Имя издателя, распространителя и т. д. Филиал РГТУ в г. Иваново
Дата издания, распространения и т.д. 2012
215 ## - ФИЗИЧЕСКАЯ ХАРАКТЕРИСТИКА
Специфическое обозначение материала и объем 259 с.
Другие сведения о физической характеристике ил., портр.
Размеры 22
320 ## - ПРИМЕЧАНИЯ О НАЛИЧИИ В ДОКУМЕНТЕ БИБЛИОГРАФИИ / УКАЗАТЕЛЯ
Текст примечания Библиогр.: с. 221-237 (168 назв.)
606 1# - НАИМЕНОВАНИЕ ТЕМЫ КАК ПРЕДМЕТ
Наименование темы Общественный порядок
Тематический подзаголовок Охрана
-- Административные меры
Географический подзаголовок Российская Федерация
Системный номер авторитетной/нормативной записи 2133714
Идентификатор авторитетной/нормативной записи RU\NLR\auth\661286917
606 1# - НАИМЕНОВАНИЕ ТЕМЫ КАК ПРЕДМЕТ
Наименование темы Избирательные кампании
Тематический подзаголовок Проведение
Географический подзаголовок Российская Федерация
Системный номер авторитетной/нормативной записи 2214468
Идентификатор авторитетной/нормативной записи RU\NLR\auth\661330112
686 ## - ИНДЕКСЫ ДРУГИХ КЛАССИФИКАЦИЙ
Индекс Ф3(2)68
686 ## - ИНДЕКСЫ ДРУГИХ КЛАССИФИКАЦИЙ
Индекс Х620.5
700 #1 - ИМЯ ЛИЦА - ПЕРВИЧНАЯ ОТВЕТСТВЕННОСТЬ
Начальный элемент ввода Чистобородов
Часть имени, кроме начального элемента ввода И. Г.
Расширение инициалов личного имени Илья Григорьевич
Код отношения Автор
801 #0 - ИСТОЧНИК ЗАПИСИ
Страна российская федерация
Организация NLR
Дата составления 20130329
Правила каталогизации RCR
801 #1 - ИСТОЧНИК ЗАПИСИ
Страна российская федерация
Организация NLR
Дата составления 20130329
942 ## - ДОПОЛНИТЕЛЬНЫЕ ЭЛЕМЕНТЫ ЗАПИСИ (АБИС)
Тип экземпляра АБИС Книга
980 ## - КОЛЛЕКЦИЯ
Название коллекции НБР

Нет доступных экземпляров.